Situación crediticia del sector agropecuario
Guardado en:
| Formato: | Texto |
|---|---|
| Materias: | |
| Etiquetas: |
Agregar Etiqueta
Sin Etiquetas, Sea el primero en etiquetar este registro!
|
MARC
| LEADER | 00000 a a2200000 04500 | ||
|---|---|---|---|
| 001 | 5947 | ||
| 003 | |||
| 040 | |||
| 245 | |a Situación crediticia del sector agropecuario | ||
| 650 | |a CREDITO AGRICOLA | ||
| 650 | |a SECTOR AGROPECUARIO | ||
| 650 | |a COMERCIO INTERNACIONAL | ||
| 650 | |a GRANOS BASICOS | ||
| 650 | |a ANALISIS HISTORICO | ||
| 773 | |g volumen 15, número 657; páginas 6-7 | ||
| 999 | |c 31748 |d 31748 | ||
